000 00954nam a22002657a 4500
003 DO-SdBPM
005 20250527093245.0
008 161031b20uu xx 00| 0 spa d
020 _a
040 _a DO-SdBPM
_bspa
_cBPMSU
082 4 _a362.29
_bC912L
_222
245 0 0 _aCrecer libre de drogas :
_bguía de prevención para los padres de familia/
_c Katie Bell...[y otros]
260 _aWashington, D.C. :
_bDepartamento de Educación de los Estados Unidos Drogas
_c[ 200-?]
300 _a52 p. ;
_c22 cm.
500 _a
534 _aTítulo original :
_tThe creative family
590 _aInventariado, 2025/VM
650 4 _aPrevención sobre abuso de drogas
_vGuías.
650 4 _aDrogas
_xPrevención
_vGuías
650 4 _aEducación para la vida familiar
650 4 _aJuventud y drogas.
710 2 _aWashington D.C.
_bDepartamento de Educación de los Estados Unidos
910 _aVMateo V. Control de calidad. BPMSU
942 _2ddc
_cBK
999 _c15104
_d15104